| 000 | 00473nam a22001937a 4500 | ||
|---|---|---|---|
| 003 | OSt | ||
| 005 | 20260127161455.0 | ||
| 008 | 260127b |||||||| |||| 00| 0 eng d | ||
| 020 | _a9789356963856 | ||
| 041 | _aEng | ||
| 082 | _a610/CLE | ||
| 100 | _aClement I | ||
| 245 | _aNursing Foundation-II | ||
| 250 | _a2nd | ||
| 260 |
_aNew Delhi _b Jaypee Brothers Medical Publishers _c2024 |
||
| 300 | _a714 P. | ||
| 610 |
_aNursing Foundation _9216451 |
||
| 942 |
_2ddc _cDB |
||
| 999 |
_c370154 _d370154 |
||